| 000 | 00517nam a22001937a 4500 | ||
|---|---|---|---|
| 999 |
_c7459 _d7459 |
||
| 003 | OSt | ||
| 005 | 20211112120800.0 | ||
| 008 | 211112b ||||| |||| 00| 0 eng d | ||
| 020 | _a0415417449 | ||
| 040 | _cDDC | ||
| 082 | _a307.76 NOT 2007 | ||
| 100 |
_aNottridge, Harold E _915282 |
||
| 245 | _aThe sociology of urban living | ||
| 260 |
_aLondon: _bRoutledge and K. Paul; _c2007 |
||
| 300 |
_aix, 115 p.; _c19 cm |
||
| 504 | _aBibliography: p. 108-115 | ||
| 650 |
_a Sociology, Urban _915281 |
||
| 942 |
_2ddc _cBOOK |
||